000
00391nam a22001697a 4500
003
MPLRDC
005
20220104114030.0
008
210129b ||||| |||| 00| 0 eng d
020
_a
962-257-905-1
082
_a
848.4 YGL
100
_a
严歌苓
245
_a
扶桑
_c
260
_a
_b
天地图书有限公司
_c
1996
300
_b
平
650
_a
现代别集
942
_c
BK
_o
848.4 YGL
999
_c
4282
_d
4272